000 00745cam a22002531 4500
001 1691047
005 20180104045516.0
007 hduafb---baca
007 hdubfb---baaa
008 790718r19771936dcu a 000 0 eng
010 _a 36031209
040 _aDLC
_cDLC
_dDLC
041 _aeng
043 _an-us---
080 _a339.2
082 0 0 _a339.2 MYE
100 1 _a21
101 _aGJL
245 1 0 _aHistory of the great American fortunes
_cby Gustavus Myers.
533 _aMicrofilm.
_bWashington, D.C. :
_cLibrary of Congress Photoduplication Service,
_d1977.
_e1 microfilm reel ; 35 mm.
590 _aLC copy replaced by microfilm.
906 _a7
_bcbc
_corignew
_du
_eocip
_f19
_gy-genmicro
942 _2ddc
_cBK
999 _c39701
_d39701